Statistics for End of the Day - One Direction (All Lyrics)

Click here to take the quiz!

General Stats

  • This quiz has been taken 92 times
  • The average score is 363 of 416

Answer Stats

Answer% Correct
a
100%
I
100%
on
98%
the
98%
day
97%
end
97%
of
97%
when
97%
you
97%
and
95%
at
95%
know
95%
love
95%
that
95%
your
95%
all
94%
say
94%
who
94%
do
92%
is
92%
me
92%
no
92%
down
90%
sure
90%
to
90%
her
89%
if
89%
not
89%
what
89%
just
87%
told
87%
want
87%
you're
87%
can
85%
didn't
85%
fire
85%
for
85%
heard
85%
loved
85%
moon
85%
pretty
85%
she
85%
was
85%
windy
85%
word
85%
be
84%
party
84%
roof
84%
said
84%
there
84%
babe
82%
downstairs
82%
heart
82%
follow
81%
lightning
81%
nothing
81%
then
81%
but
79%
left
79%
way
79%
it's
77%
one
77%
came
76%
million
76%
mistakes
76%
sometimes
76%
even
74%
in
74%
other
74%
break
73%
dying
73%
there's
73%
flu
71%
something
71%
devil
68%
from
68%
forever
66%
frightening
66%
girl
66%
my
66%
only
66%
priest
66%
though
66%
ain't
65%
hospital
65%
thinks
65%
20
63%
it'll
63%
over
63%
I've
61%
night
61%
later
60%
minutes
60%
mum
58%
sun
56%
goes
55%
learned
55%
up
53%
will
53%
keep
52%
alright
50%
dreaming
50%
had
50%
wound
50%
sleeping
48%
everything
47%
stay
47%
city's
45%
awake
44%

Score Distribution

Percentile by Number Answered

Percent of People with Each Score

Your Score History

You have not taken this quiz